Bracing for disaster (Record no. 117746)

MARC details
000 -LEADER
fixed length control field 01151cam a2200241 4500
001 - CONTROL NUMBER
control field ABS68027
008 - FIXED-LENGTH DATA ELEMENTS--GENERAL INFORMATION
fixed length control field 040721n2004 000 0 eng u
035 ## - SYSTEM CONTROL NUMBER
System control number (Sirsi) u126892
100 ## - MAIN ENTRY--PERSONAL NAME
Personal name Hickman, L.
245 ## - TITLE STATEMENT
Title Bracing for disaster
260 ## - PUBLICATION, DISTRIBUTION, ETC.
Date of publication, distribution, etc. 2004
490 ## - SERIES STATEMENT
Series statement Law Society's Gazette
Volume/sequential designation 101(26) 1 July 2004, 18-19(2)
520 ## - SUMMARY, ETC.
Summary, etc. Discusses the threat of terrorism in London. Considers that many firms and the London emergency services would not be able to cope with a terrorist attack. Notes that a disaster recovery policy cannot cater for every possiblity although some firms have invested in disaster recovery sites with certain guarantees such as 100 workstations that would be accessible within three hours. Examines further measures which firms could take including a basic disaster recovery policy and simple measures such as installing CCTV cameras in offices and underground car parks.
590 ## - LOCAL NOTE (RLIN)
Local note ABS
590 ## - LOCAL NOTE (RLIN)
Local note ABS
650 ## - SUBJECT ADDED ENTRY--TOPICAL TERM
Topical term or geographic name entry element TERRORIST THREAT
650 ## - SUBJECT ADDED ENTRY--TOPICAL TERM
Topical term or geographic name entry element DISASTER PLANNING
650 ## - SUBJECT ADDED ENTRY--TOPICAL TERM
Topical term or geographic name entry element DISASTER RECOVERY
650 ## - SUBJECT ADDED ENTRY--TOPICAL TERM
Topical term or geographic name entry element LONDON
650 ## - SUBJECT ADDED ENTRY--TOPICAL TERM
Topical term or geographic name entry element LAW FIRMS
690 ## - LOCAL SUBJECT ADDED ENTRY--TOPICAL TERM (OCLC, RLIN)
Topical term or geographic name as entry element FACILITIES MANAGEMENT
9 (RLIN) 6240
942 ## - ADDED ENTRY ELEMENTS (KOHA)
Suppress in OPAC 0
Holdings
Withdrawn status Lost status Source of classification or shelving scheme Damaged status Not for loan Home library Current library Shelving location Date acquired Total Checkouts Full call number Barcode Date last seen Copy number Price effective from Koha item type
    Dewey Decimal Classification     London London Journal article 21/07/2004   ABS68027 126892-1001 06/08/2019 1 06/08/2019 Journal article